Cataluña en la transición / Tomás Salvador
Publicado:
San Jorge, núm. 96 - 97 (juliol 1976), pàg 3 - 4 :
MARC
| LEADER | 00000nam a2200000Ia 4500 | ||
|---|---|---|---|
| 003 | AGDB | ||
| 005 | 20260324175809.0 | ||
| 008 | 160829s9999 xx 000 0 cat d | ||
| 100 | 1 | |a Salvador, Tomás, |d 1921-1984 |9 41670 | |
| 245 | |a Cataluña en la transición / Tomás Salvador | ||
| 260 | |a San Jorge, núm. 96 - 97 (juliol 1976), pàg 3 - 4 | ||
| 651 | 0 | |a Catalunya |x Història |y 1975-1980, Transició |9 53733 | |
| 856 | |u https://bibliotecageneral.diba.cat/cgi-bin/koha/opac-retrieve-file.pl?id=785f64b416ebad0505383c4725d1fe51 |y Accés lliure | ||
| 901 | |a Arxiu | ||
| 942 | |n 1 |2 udc |c ART | ||
| 952 | |0 0 |1 0 |4 0 |7 1 |9 50361 |a Arxiu |b Arxiu |d 2016-12-01 |l 0 |r 2016-12-01 00:00:00 |w 2016-12-01 |y ARXIU | ||
| 999 | |c 54203 |d 54203 | ||